capital actupol - Statistiques

Statistiques générales
  • Ce quiz a été pris 22 fois
  • Le résultat moyen est 52 sur 71
Statistiques - réponses
pays capitale % Correct
allemagne berlin
100%
pays bas amsterdam
91%
andorre andorre la vieille
91%
grece athenes
91%
belgique bruxelles
91%
roumanie bucarest
91%
hongrie budapest
91%
danemark copenhague
91%
irlande dublin
91%
finlande helsinki
91%
malte la valette
91%
portugal lisbonne
91%
luxembourg luxembourg
91%
espagne madrid
91%
bielorussie minsk
91%
france paris
91%
republique tcheque prague
91%
lettonie riga
91%
italie rome
91%
bulgarie sofia
91%
suede stockholm
91%
pologne varsovie
91%
autriche vienne
91%
lituanie vilnius
91%
croatie zagreb
91%
slovenie ljubljana
82%
monaco monaco
82%
chypre nicosie
82%
bosnie herzegovine sarajevo
82%
albanie tirana
82%
algerie alger
73%
bresil brasilia
73%
argentines buenos aires
73%
israel jerusalem
73%
ukraine kiev
73%
egypte le caire
73%
royaume unis londres
73%
mexique mexico
73%
russie moscou
73%
norvege oslo
73%
canada ottawa
73%
chine pekin
73%
maroc rabat
73%
islande reykjavik
73%
saint marin saint marin
73%
estonie talinn
73%
vatican vatican
73%
turquie ankara
64%
irak bagdad
64%
slovaquie bratislava
64%
moldavie chisinau
64%
syrie damas
64%
coree du sud seoul
64%
japon tokyo
64%
USA washington D.C.
64%
serbie belgrade
55%
australie canberra
55%
afrique du sud pretoria
55%
kosovo pristina
55%
coree du nord pyongyang
55%
arabie saoudite riyad
55%
macédoine du nord skopje
55%
iran teheran
55%
liechtenstein vaduz
55%
RDC kinshasa
45%
nigeria abuja
36%
inde new dheli
36%
montenegro podgorica
36%
suisse bernes
27%
rwanda kigali
27%
burundi gitega
18%
Aucun quiz correspondant
Distribution des résultats
% des personnes avec chaque résultat
Percentile par nombre de réponses
Votre historique - résultats
Vous n’avez pas pris ce quiz